The Report Of The Committee On The 2011 Annual Report Of The Commission On Human Rights And Administrative Justice (Record no. 3603)
[ view plain ]
| 000 -LEADER | |
|---|---|
| fixed length control field | 00582nam a2200169Ia 4500 |
| 003 - CONTROL NUMBER IDENTIFIER | |
| control field | OSt |
| 005 - DATE AND TIME OF LATEST TRANSACTION | |
| control field | 20250714145922.0 |
| 008 - FIXED-LENGTH DATA ELEMENTS--GENERAL INFORMATION | |
| fixed length control field | 240429s9999||||xx |||||||||||||| ||und|| |
| 041 ## - LANGUAGE CODE | |
| Language code of text/sound track or separate title | eng |
| 082 ## - DEWEY DECIMAL CLASSIFICATION NUMBER | |
| Classification number | CR/CHRAJ/11 |
| 100 ## - MAIN ENTRY--PERSONAL NAME | |
| Personal name | Parliament of Ghana |
| 245 #4 - TITLE STATEMENT | |
| Title | The Report Of The Committee On The 2011 Annual Report Of The Commission On Human Rights And Administrative Justice |
| 300 ## - PHYSICAL DESCRIPTION | |
| Extent | 13p |
| 650 ## - SUBJECT ADDED ENTRY--TOPICAL TERM | |
| Topical term or geographic name entry element | The Commission on Human Rights And Administrative Justice - The Report Of The Special Budget Committee On The 2011 Annual Report Of |
| 942 ## - ADDED ENTRY ELEMENTS (KOHA) | |
| Koha item type | Annual Estimates |
| Source of classification or shelving scheme | Dewey Decimal Classification |
| Suppress in OPAC | No |
| Withdrawn status | Lost status | Source of classification or shelving scheme | Damaged status | Not for loan | Home library | Current library | Shelving location | Date acquired | Total checkouts | Full call number | Date last seen | Copy number | Price effective from | Koha item type |
|---|---|---|---|---|---|---|---|---|---|---|---|---|---|---|
| Dewey Decimal Classification | Main Library | Main Library | Open Shelves | 08/09/2023 | CR/CHRAJ/11 7000 C1 - CR/CHRAJ/11 7001 C2 - CR/CHRAJ/11 7002 C3 - CR/CHRAJ/11 7003 C4 | 29/04/2024 | 1 | 29/04/2024 | Annual Estimates |